Cities and landscapes of Portugal by image - Statistics

General Stats
  • This quiz has been taken 14 times
  • The average score is 8 of 11
Answer Stats
Picture Answer % Correct
Lisbon
100%
Porto
100%
Algarve
91%
Coimbra
91%
Azores
82%
Sintra
82%
Braga
73%
Douro Valley
73%
Guimarães
64%
Madeira
64%
Alentejo
9%
No matching quizzes found
Score Distribution
Percent of People with Each Score
Percentile by Number Answered
Your Score History
You have not taken this quiz